003820000a2200133000450024500310000065000280003165000280005965000280008765100280011565300430014304100130018610000210019977300280022010aDo manatees have a chance?14aMamíferos acuáticos14aEspecies en extinción14aDisturbios antrópicos 4dFloridapEstados Unidos gTrichechuseTrichechus manatusvManati0 aInglés1 aBonde, Robert K.1 tPreprint33q3-5d1985?